Сводный каталог периодики библиотек России. Проект " Межрегиональная аналитическая роспись статей": методическое пособие; в 2 ч.

Bibliographic Details
Corporate Author: Ассоциация региональных библиотечных консорциумов (АРБИКОН)
Other Authors: Горшкова Г. А., Данилов А. В., Зеленина Г. Н., Крутихин И. В.
Language:Russian
Published: СПб., Изд-во Политехнического ун-та, 2008
Series:Корпоративные библиотечные проекты России
Format: MixedMaterials Book
KOHA link:https://koha.lib.tpu.ru/cgi-bin/koha/opac-detail.pl?biblionumber=144985

MARC

LEADER 00000nam1a2200000 4500
001 144985
005 20231031143905.0
035 |a (RuTPU)RU\TPU\book\157140 
090 |a 144985 
100 |a 20081010d2008 m y0rusy50 ca 
101 0 |a rus 
102 |a RU 
200 1 |a Сводный каталог периодики библиотек России. Проект " Межрегиональная аналитическая роспись статей"  |e методическое пособие  |e в 2 ч.  |f Г. А. Горшкова [и др.]  |g АРБИКОН 
210 |a СПб.  |c Изд-во Политехнического ун-та  |d 2008 
225 1 |a Корпоративные библиотечные проекты России 
686 |a Ч738  |v LBC/SL-A  |2 rubbk 
686 |a Ч736.26  |v LBC/SL-A  |2 rubbk 
701 1 |a Горшкова  |b Г. А. 
701 1 |a Данилов  |b А. В. 
701 1 |a Зеленина  |b Г. Н. 
701 1 |a Крутихин  |b И. В. 
712 0 2 |a Ассоциация региональных библиотечных консорциумов (АРБИКОН)  |2 stltpush  |3 (RuTPU)RU\TPU\col\16244 
801 1 |a RU  |b 63413507  |c 20081010  |g PSBO 
801 2 |a RU  |b 63413507  |c 20101019  |g RCR 
942 |c BK